|
|
|
|
| LEADER |
00000nam0a2200000 4500 |
| 001 |
289936 |
| 005 |
20231102000232.0 |
| 035 |
|
|
|a (RuTPU)RU\TPU\book\314462
|
| 090 |
|
|
|a 289936
|
| 100 |
|
|
|a 20150403d1982 k y0rusy5003 ca
|
| 101 |
0 |
|
|a rus
|
| 102 |
|
|
|a RU
|
| 105 |
|
|
|a a z 001zy
|
| 200 |
1 |
|
|a Электронная измерительная техника в научных исследованиях
|e [сборник статей]
|f Московский инженерно-физический институт (МИФИ) ; под ред. А. Г. Филипповf
|
| 210 |
|
|
|a Москва
|c Энергоатомиздат
|d 1982
|
| 215 |
|
|
|a 103 с.
|c ил.
|d 21 см
|
| 320 |
|
|
|a Библиография в конце статей
|
| 606 |
1 |
|
|a Контрольно-измерительные инструменты и приборы электронные
|2 stltpush
|3 (RuTPU)RU\TPU\subj\15607
|9 41840
|
| 610 |
1 |
|
|a электронная измерительная техника
|
| 610 |
1 |
|
|a тензорезисторы
|
| 610 |
1 |
|
|a чувствительность
|
| 610 |
1 |
|
|a тензопреобразователи
|
| 610 |
1 |
|
|a импульсное магнитное поле
|
| 610 |
1 |
|
|a напряженность
|
| 610 |
1 |
|
|a магнитооптические преобразователи
|
| 610 |
1 |
|
|a слабые магнитные поля
|
| 610 |
1 |
|
|a измерение
|
| 610 |
1 |
|
|a эффект Холла
|
| 610 |
1 |
|
|a измерительные катушки
|
| 610 |
1 |
|
|a импульсные токи
|
| 610 |
1 |
|
|a память
|
| 610 |
1 |
|
|a интегральные схемы
|
| 610 |
1 |
|
|a запоминающие элементы
|
| 675 |
|
|
|a 681.2.082
|z rus
|v 3
|
| 702 |
|
1 |
|a Филиппов
|b А. Г.
|g Александр Гордеевич
|4 340
|
| 712 |
0 |
2 |
|a Московский инженерно-физический институт (МИФИ)
|c (1953-2009)
|2 stltpush
|3 (RuTPU)RU\TPU\col\105
|
| 801 |
|
0 |
|a RU
|b RuMRKP
|c 19950704
|g psbo
|
| 801 |
|
1 |
|a RU
|b 63413507
|c 20150403
|
| 801 |
|
2 |
|a RU
|b 63413507
|c 20160701
|g RCR
|
| 942 |
|
|
|c BK
|